1745 1517 1566 1934 1860 1856 1212 1680 1144 1571 1013 1185 1403 1198 1964 1838 1906 1475 1878 1499 1902 1915 1524 1142 1202 1711 1962 1930 1352 1868 1799 1024 1060 1175 1908 1675 1028 1923 1183 1220 1778 1601 1828 1105 1658 1495 1679 1160 1019 1678 1010 1736 1943 1591 1724 1510 1743 1241 1641 1750 1319 1756 1765 1738 1252 1711 1769 1302 1105 1836 1706 1330 1456 1018 1918 1396 1013 1236 1067 1562 1390 1584 1719 1870 1780 1653 1051 1934 1555 1606 1722 1710 1153 1513 1920 1541 1347 1468 1010 BCNSPRNW ULIB Ver.6.0+V

เปลี่ยนเป็นภาษาไทย

Change to English
 แสดงรายละเอียดบรรณานุกรม
  กลับหน้าหลัก

Brief Record : Get Marc (ISO 2709) : E-mail record : QR code < ปิดหน้าต่าง
LEADER : 00000nas 2200000uu 4500
001    13399125133
003     ULIB
008    161005s||||||||th 000 0 tha d
022 0  0855797
245 00 วารสารสุขภาพภาคประชาชนภาคอีสาน
246 0  ืnorth - eastern primary health care journal
310    ^aราย 6 เดือน
850 ^a ULIB^bปีที่ 30 ฉบับที่ 2 ฉ.1 ;ปีที่ 31 ฉบับที่ 1 ฉ.1 ;ปีที่ 31 ฉบับที่ 2 ฉ.1
856    http://www.thaiphc.net/journal/
945    ^p0^l0^i904113
945    ^p0^l0^i904723
945    ^p0^l0^i904724
999    ^aวรรณษา ชูชัยมงคล
รายการนี้ยังไม่มีแท็ก
คุณยังไม่ได้ล็อกอิน คุณสามารถมีกิจกรรมร่วมกับเว็บไซต์ได้ แต่ต้องล็อกอินก่อน ::
  ล็อกอิน

รายการสื่อสารสนเทศ (วารสาร)

ดูแบบ: กล่อง รายการ
ARRIVED
ปีที่ 30 ฉบับที่ 2 ฉ.1
สถานที่: ห้องสมุดวิทยาเขตสวรรค์ประชารักษ์ >หนังสือพิมพ์
ARRIVED
ปีที่ 31 ฉบับที่ 1 ฉ.1
สถานที่: ห้องสมุดวิทยาเขตสวรรค์ประชารักษ์ >วารสาร
ARRIVED
ปีที่ 31 ฉบับที่ 2 ฉ.1
สถานที่: ห้องสมุดวิทยาเขตสวรรค์ประชารักษ์ >วารสาร

BibComment


ยังไม่เคยถูกคอมเมนท์

คอมเมนท์ทรัพยากรรายการนี้
  คอมเมนท์: วารสารสุขภาพภาคปร..


 Copyright 2026. Bcnsprnw @Library